| Record ID | ia:codessn0000clan_k4e2 |
| Source | Internet Archive |
| Download MARC XML | https://archive.org/download/codessn0000clan_k4e2/codessn0000clan_k4e2_marc.xml |
| Download MARC binary | https://www.archive.org/download/codessn0000clan_k4e2/codessn0000clan_k4e2_meta.mrc |
LEADER: 01518cam 2200385Mi 4500
001 ocn468164026
003 OCoLC
005 20201202214836.0
008 000712s2000 fr a 000 j fre d
040 $aBDF$bfre$encafnor$cBDF$dOCLCQ
015 $a00057833$2bnf
016 7 $aFRBNF37113155000000X$2FrPBN
020 $a2253171387$q(br)
020 $a9782253171386$q(br)
035 $a(OCoLC)468164026
041 1 $afre$heng
100 1 $aClancy, Tom,$d1947- ...$4aut$0(FrPBN)12051004
240 10 $aSSN.$lFrançais
245 10 $aCode SSN /$cTom Clancy ; trad. de l'américain par Dominique Chapuis et le capitaine de vaisseau Denis Chapuis.
260 $aParis :$bLibrairie générale française,$c2000$e(impr. en Allemagne)
300 $a349 p. :$bcartes, couv. ill. en coul. ;$c18 cm.
336 $atexte$btxt$2rdacontent/fre
337 $asans médiation$bn$2rdamedia/fre
490 0 $aLe livre de poche ;$v17138
700 1 $aChapuis, Dominique,$d1957- ...$4trl$0(FrPBN)13193240
700 1 $aChapuis, Denis.$4trl$0(FrPBN)12522330
760 0 $tLivre de poche.$x0248-3653$g17138$w(FrPBN)34228560
856 42 $3Notice et cote du catalogue de la Bibliothèque nationale de France$uhttp://catalogue.bnf.fr/ark:/12148/cb371131550
886 1 $2intermrc$a009$bax-f-l-----a-------
886 2 $2intermrc$a680$b0-$a823
886 2 $2intermrc$a917$b--$oOPL$a025557594
029 0 $aBDF$bFRBNF37113155000000X
029 1 $aZWZ$b052100049
994 $aZ0$bP4A
948 $hNO HOLDINGS IN P4A - 5 OTHER HOLDINGS